000
00192 a2200097 4500
001
3285
100
_a
Doorly, E
245
_a
Raduim woman
260
_a
_b
W Heinemann
_c
090
_c
2564
_d
2564
942
_a
NUST-CAE
_c
M
_c
17380
999
_c
238358
_d
238358